[Event "EU-ch (Women) 24th"]
[Site "Rhodes"]
[Date "2024.04.27"]
[Round "8"]
[White "Sliwicka, Alicja"]
[Black "Fataliyeva, Ulviyya Hasil Qizi"]
[Result "0-1"]
[WhiteElo "2315"]
[BlackElo "2377"]
[PlyCount "98"]
[EventDate "2024.04.19"]
[EventType "swiss"]
[EventRounds "10"]
[EventCountry "GRE"]
[SourceTitle "CB18_2024"]
[SourceDate "2024.05.01"]
[SourceVersion "1"]
[SourceVersionDate "2024.05.01"]
[SourceQuality "2"]

1. e4 e5 2. Nf3 Nc6 3. Bb5 a6 4. Ba4 Nf6 5. 0-0 Be7 6. d3 b5 7. Bb3 d6 8. Bd2 Bg4 9. c3 Na5 10. Bc2 c5 11. h3 Bh5 12. Be3 0-0 13. Re1 d5 14. Nbd2 d4 15. cxd4 cxd4 16. Bg5 Nd7 17. Bxe7 Qxe7 18. Nf1 Rfc8 19. g4 Bg6 20. Qd2 b4 21. Rec1 Rab8 22. Bd1 Nc5 23. Ng3 Nc6 24. Rc4 a5 25. Rac1 Na7 26. a3 bxa3 27. bxa3 Nb5 28. Ra1 f6 29. Ne2 Bf7 30. Rcc1 a4 31. Qa5 Bb3 32. Nd2 Bxd1 33. Rxd1 Nc3 34. Nxc3 dxc3 35. Qxc3 Nb3 36. Nc4 Nxa1 37. Rxa1 Rb3 38. Qd2 Qd7 39. Rd1 h5 40. Ne3 hxg4 41. hxg4 Rcc3 42. d4 exd4 43. Nf5 g6 44. Nh6+ Kh7 45. g5 Qh3 46. Qxd4 Rg3+ 47. fxg3 Rxg3+ 48. Kf2 Rg2+ 49. Ke1 Qh1+ 0-1

[Event "EU-ch (Women) 24th"]
[Site "Rhodes"]
[Date "2024.04.19"]
[Round "1"]
[White "Makka, Ioulia"]
[Black "Sliwicka, Alicja"]
[Result "0-1"]
[WhiteElo "1983"]
[BlackElo "2315"]
[PlyCount "74"]
[EventDate "2024.04.19"]
[EventType "swiss"]
[EventRounds "10"]
[EventCountry "GRE"]
[SourceTitle "CB18_2024"]
[SourceDate "2024.05.01"]
[SourceVersion "1"]
[SourceVersionDate "2024.05.01"]
[SourceQuality "2"]

1. e4 c5 2. Nf3 Nc6 3. d4 cxd4 4. Nxd4 Nf6 5. Nc3 d6 6. Bg5 e6 7. Qd2 a6 8. 0-0-0 Bd7 9. f4 Be7 10. Nf3 b5 11. Bxf6 gxf6 12. g3 Qb6 13. Bh3 b4 14. Ne2 0-0-0 15. Kb1 Kb8 16. Rhf1 Bc8 17. f5 e5 18. c4 Na5 19. b3 Nb7 20. Bg2 Nc5 21. Qc2 Bb7 22. Nd2 Bf8 23. Rfe1 h5 24. Nf1 Bh6 25. Bf3 a5 26. h3 Kc7 27. Nc1 a4 28. Nd3 axb3 29. axb3 Ra8 30. Nxc5 Qxc5 31. Bxh5 Ra3 32. Qb2 Rha8 33. Nd2 Qa5 34. c5 Bxd2 35. cxd6+ Kd7 36. Rxd2 Ra1+ 37. Kc2 Qc5+ 0-1

[Event "Karlsruhe Grenke op"]
[Site "Karlsruhe"]
[Date "2024.04.01"]
[Round "9"]
[White "Sliwicka, Alicja"]
[Black "Finek, Vaclav"]
[Result "1-0"]
[WhiteElo "2309"]
[BlackElo "2436"]
[PlyCount "139"]
[EventDate "2024.03.28"]
[EventType "swiss"]
[EventRounds "9"]
[EventCountry "GER"]
[SourceTitle "CB14_2024"]
[SourceDate "2024.04.01"]
[SourceVersion "1"]
[SourceVersionDate "2024.04.01"]
[SourceQuality "1"]

1. e4 c5 2. Nf3 g6 3. c4 Bg7 4. d4 cxd4 5. Nxd4 Nc6 6. Be3 Nf6 7. Nc3 0-0 8. Be2 d6 9. h3 Bd7 10. 0-0 Nxd4 11. Bxd4 Bc6 12. Qc2 a5 13. Rad1 a4 14. c5 Qa5 15. cxd6 exd6 16. a3 Rfe8 17. f3 Rac8 18. Qd2 d5 19. e5 Nh5 20. f4 Ng3 21. Rfe1 Nf5 22. Bf2 d4 23. Nb5 Qxd2 24. Rxd2 d3 25. Bxd3 Rcd8 26. Na7 Nd4 27. Nxc6 bxc6 28. Rdd1 c5 29. Bc4 h5 30. Kf1 Bf8 31. Re4 Rb8 32. Rd2 Red8 33. Bxd4 cxd4 34. Ke2 Kg7 35. Kd3 Bc5 36. Re1 Rb7 37. Rc1 Ba7 38. g3 Rc7 39. Rcc2 Rb7 40. Ba2 Rdb8 41. Bd5 Rd7 42. Ba2 Rdb7 43. g4 hxg4 44. hxg4 Re7 45. Ke4 Rb5 46. Bc4 Ra5 47. g5 Rd7 48. Bd3 Bc5 49. Rc4 Bb6 50. Rc6 Rb7 51. Rc8 Rc5 52. Rxc5 Bxc5 53. Rc2 Ba7 54. Bc4 Rc7 55. Kd3 Rc5 56. Ba2 Rxc2 57. Kxc2 Bb6 58. Kd3 Ba5 59. Bc4 Be1 60. Bb5 Bf2 61. Bxa4 Be3 62. Ke4 Bc1 63. b4 Kf8 64. b5 Bxa3 65. Kxd4 Bb4 66. b6 Ba5 67. Kc5 Bd2 68. b7 Be3+ 69. Kc6 Ba7 70. Kc7 1-0

[Event "POL-ch Universities (Women)"]
[Site "Lublin"]
[Date "2024.02.24"]
[Round "9"]
[White "Sliwicka, Alicja"]
[Black "Jarocka, Liwia"]
[Result "1/2-1/2"]
[WhiteElo "2309"]
[BlackElo "2199"]
[PlyCount "39"]
[EventDate "2024.02.22"]
[EventType "swiss"]
[EventRounds "9"]
[EventCountry "POL"]
[SourceTitle "CB10_2024"]
[SourceDate "2024.03.06"]
[SourceVersion "1"]
[SourceVersionDate "2024.03.06"]
[SourceQuality "1"]

1. e4 c6 2. d4 d5 3. e5 Bf5 4. c4 e6 5. Nc3 Bb4 6. Qb3 Qa5 7. Bd2 dxc4 8. Bxc4 Ne7 9. Nge2 0-0 10. Ng3 b5 11. Be2 Na6 12. 0-0 Bg6 13. a4 Bxc3 14. bxc3 Qb6 15. axb5 Nc7 16. Qa3 Rfe8 17. bxc6 Nxc6 18. Bf3 Bd3 19. Rfc1 Nb5 20. Qa6 1/2-1/2

[Event "POL-ch Universities (Women)"]
[Site "Lublin"]
[Date "2024.02.23"]
[Round "4"]
[White "Czarniecka, Aleksandra"]
[Black "Sliwicka, Alicja"]
[Result "0-1"]
[WhiteElo "1961"]
[BlackElo "2309"]
[PlyCount "168"]
[EventDate "2024.02.22"]
[EventType "swiss"]
[EventRounds "9"]
[EventCountry "POL"]
[SourceTitle "CB10_2024"]
[SourceDate "2024.03.06"]
[SourceVersion "1"]
[SourceVersionDate "2024.03.06"]
[SourceQuality "1"]

1. e4 c5 2. Nf3 d6 3. d4 cxd4 4. Nxd4 Nf6 5. Nc3 Bd7 6. Bg5 e6 7. Qd2 a6 8. f4 h6 9. Bxf6 Qxf6 10. 0-0-0 Nc6 11. Nf3 Qd8 12. Bd3 Qc7 13. f5 0-0-0 14. Kb1 Be7 15. Qf2 Qa5 16. Nd2 Qc5 17. Qxc5 dxc5 18. Nc4 Kc7 19. Rhf1 b5 20. Ne3 Bf6 21. fxe6 fxe6 22. Ng4 Bxc3 23. bxc3 h5 24. Ne3 Ne5 25. Be2 Bc6 26. Rxd8 Kxd8 27. Bf3 Ke7 28. Nd1 Rf8 29. Rf2 g6 30. Kc1 Nc4 31. Re2 Rf4 32. Nb2 Nxb2 33. Kxb2 Rf8 34. Rd2 Rc8 35. a3 Kf6 36. Kb3 Ke5 37. c4 Rb8 38. cxb5 Rxb5+ 39. Kc4 Ra5 40. h3 Ba4 41. Kc3 Bb5 42. Kb2 Ra4 43. Rd8 Rd4 44. Rc8 Kd6 45. Rd8+ Ke7 46. Rg8 Kf6 47. Rf8+ Kg7 48. Rc8 c4 49. Rc7+ Kf6 50. Kc3 Rd6 51. Rc8 Ke5 52. Rg8 Kf6 53. Rf8+ Ke7 54. Rg8 Kf7 55. Rc8 Rd7 56. Rh8 Kf6 57. Rf8+ Kg5 58. Rc8 Kf4 59. a4 Bxa4 60. Rxc4 Bb5 61. Rc8 Ke3 62. Kb3 Rb7 63. Kc3 a5 64. Ra8 a4 65. e5 Rc7+ 66. Kb4 Bd7 67. c4 Kd4 68. Be2 Kxe5 69. c5 Kd4 70. Ra5 Bc6 71. Bf3 Rb7+ 72. Ka3 Rc7 73. Bxc6 Rxc6 74. Rxa4+ Kxc5 75. Kb3 Kd5 76. Ra8 e5 77. Rd8+ Ke4 78. Re8 Kf4 79. Rf8+ Ke3 80. Re8 e4 81. Kb2 Kd3 82. Rd8+ Ke2 83. Ra8 e3 84. Ra1 Kf2 0-1

[Event "EU-ch Blitz (Women)"]
[Site "Monaco"]
[Date "2024.01.12"]
[Round "9"]
[White "Garcia Martin, Marta"]
[Black "Sliwicka, Alicja"]
[Result "1-0"]
[WhiteElo "2342"]
[BlackElo "2311"]
[PlyCount "61"]
[EventDate "2024.01.12"]
[EventType "swiss (blitz)"]
[EventRounds "13"]
[EventCountry "MNC"]
[SourceTitle "CB03_2024"]
[SourceDate "2024.01.17"]
[SourceVersion "1"]
[SourceVersionDate "2024.01.17"]
[SourceQuality "1"]

1. e4 c5 2. Nc3 d6 3. d4 cxd4 4. Qxd4 Nf6 5. b3 g6 6. Bb2 Bg7 7. 0-0-0 0-0 8. Kb1 Nc6 9. Qd2 a6 10. f3 b5 11. h4 Nh5 12. Nge2 b4 13. Nd5 Bxb2 14. Kxb2 a5 15. g4 Ng7 16. h5 e6 17. Ne3 Qf6+ 18. Kb1 a4 19. f4 a3 20. e5 dxe5 21. g5 Qe7 22. Ng4 Ne8 23. Ng3 Nd4 24. Ne4 Bb7 25. Ngf6+ Nxf6 26. Nxf6+ Kg7 27. Rh3 Rh8 28. fxe5 Nf3 29. Qf4 Qc5 30. h6+ Kf8 31. Nd7+ 1-0

[Event "EU-ch Blitz (Women)"]
[Site "Monaco"]
[Date "2024.01.12"]
[Round "4"]
[White "Kosteniuk, Alexandra"]
[Black "Sliwicka, Alicja"]
[Result "1-0"]
[WhiteElo "2501"]
[BlackElo "2311"]
[PlyCount "95"]
[EventDate "2024.01.12"]
[EventType "swiss (blitz)"]
[EventRounds "13"]
[EventCountry "MNC"]
[SourceTitle "CB03_2024"]
[SourceDate "2024.01.17"]
[SourceVersion "1"]
[SourceVersionDate "2024.01.17"]
[SourceQuality "1"]

1. e4 c5 2. d4 cxd4 3. Qxd4 Nc6 4. Qd3 g6 5. Nc3 Bg7 6. Nf3 d6 7. Be2 Nf6 8. 0-0 0-0 9. Nd5 Nd7 10. c3 Nc5 11. Qc2 Be6 12. Rd1 Rc8 13. Bg5 h6 14. Bh4 Qd7 15. b4 Na6 16. Qd2 Nc7 17. Rac1 g5 18. Bg3 Bxd5 19. exd5 Ne5 20. Nxe5 dxe5 21. c4 f5 22. f3 Ne8 23. c5 Rd8 24. Bc4 Kh8 25. Qe2 e4 26. fxe4 f4 27. Bf2 g4 28. e5 f3 29. Qe4 Qf5 30. Re1 fxg2 31. Qxf5 Rxf5 32. Bg3 h5 33. d6 exd6 34. exd6 Bd4+ 35. Kxg2 Ng7 36. Bd3 Rf3 37. Be4 Rf6 38. Bh4 Ne6 39. Bxf6+ Bxf6 40. Rcd1 h4 41. Bxb7 Nf4+ 42. Kh1 g3 43. Rf1 Bg5 44. Rd4 Ne2 45. Rg4 Rg8 46. Rf5 Bh6 47. Rxg8+ Kxg8 48. d7 1-0

[Event "EU-ch Blitz (Women)"]
[Site "Monaco"]
[Date "2024.01.12"]
[Round "1"]
[White "Sliwicka, Alicja"]
[Black "Guillo Longares, Cecilia"]
[Result "1-0"]
[WhiteElo "2311"]
[BlackElo "2096"]
[PlyCount "65"]
[EventDate "2024.01.12"]
[EventType "swiss (blitz)"]
[EventRounds "13"]
[EventCountry "MNC"]
[SourceTitle "CB03_2024"]
[SourceDate "2024.01.17"]
[SourceVersion "1"]
[SourceVersionDate "2024.01.17"]
[SourceQuality "1"]

1. e4 c5 2. Nf3 Nc6 3. d4 cxd4 4. Nxd4 g6 5. c4 Bg7 6. Be3 Qb6 7. Nb3 Qd8 8. Qd2 Nf6 9. Nc3 Ng4 10. Bf4 d6 11. Be2 a5 12. Rd1 a4 13. Nc1 Qa5 14. h3 Nf6 15. 0-0 0-0 16. Bd3 Be6 17. N1e2 Rfc8 18. b3 axb3 19. axb3 Qb4 20. Rb1 Nd7 21. Qc2 Qb6 22. Be3 Qa5 23. Rfd1 Nb4 24. Qd2 Nc5 25. Bxc5 Qxc5 26. Nb5 Nxd3 27. Qxd3 Ra2 28. Ned4 Qg5 29. Qf3 Be5 30. Nxe6 fxe6 31. Nd4 Rf8 32. Qxf8+ Kxf8 33. Nxe6+ 1-0

[Event "POL-ch sf (Women)"]
[Site "Karpacz"]
[Date "2023.12.07"]
[Round "4"]
[White "Smietanska, Wiktoria"]
[Black "Sliwicka, Alicja"]
[Result "0-1"]
[WhiteElo "1901"]
[BlackElo "2306"]
[PlyCount "102"]
[EventDate "2023.12.04"]
[EventType "swiss"]
[EventRounds "9"]
[EventCountry "POL"]
[SourceTitle "CB50_2023"]
[SourceDate "2023.12.13"]
[SourceVersion "1"]
[SourceVersionDate "2023.12.13"]
[SourceQuality "1"]

1. e4 c5 2. Nf3 Nc6 3. d4 cxd4 4. Nxd4 Nf6 5. Nc3 d6 6. f3 e5 7. Nb3 Be7 8. Be3 Be6 9. Qd2 d5 10. exd5 Nxd5 11. Nxd5 Qxd5 12. Qxd5 Bxd5 13. 0-0-0 0-0-0 14. c3 f5 15. Bb5 Kc7 16. Rd2 a6 17. Bd3 g6 18. Rhd1 Bf7 19. Kb1 h5 20. Nc5 Rd5 21. b4 Bxc5 22. Bxc5 Rhd8 23. Kc1 R5d7 24. Bb1 Rxd2 25. Rxd2 Bc4 26. a4 b6 27. Be3 Rxd2 28. Kxd2 a5 29. b5 Ne7 30. Bd3 Bb3 31. Bc2 Bc4 32. Bd3 Bb3 33. Bc2 Be6 34. g3 Bd5 35. Bd1 Nc8 36. Be2 Nd6 37. Kc2 Bc4 38. Bd3 Ba2 39. Kb2 Bd5 40. Be2 Bc4 41. Bd1 Bxb5 42. Bb3 Bxa4 43. Bxb6+ Kxb6 44. Bxa4 Kc5 45. Kc2 g5 46. Bd7 g4 47. f4 exf4 48. gxf4 h4 49. Kd2 g3 50. hxg3 h3 51. Be6 h2 0-1

[Event "POL-ch sf (Women)"]
[Site "Karpacz"]
[Date "2023.12.05"]
[Round "2"]
[White "Dwilewicz, Katarzyna"]
[Black "Sliwicka, Alicja"]
[Result "1-0"]
[WhiteElo "2112"]
[BlackElo "2306"]
[PlyCount "63"]
[EventDate "2023.12.04"]
[EventType "swiss"]
[EventRounds "9"]
[EventCountry "POL"]
[SourceTitle "CB50_2023"]
[SourceDate "2023.12.13"]
[SourceVersion "1"]
[SourceVersionDate "2023.12.13"]
[SourceQuality "1"]

1. e4 c5 2. Nf3 Nc6 3. d4 cxd4 4. Nxd4 Nf6 5. Nc3 d6 6. Bg5 e6 7. Qd2 a6 8. 0-0-0 Bd7 9. f3 Nxd4 10. Qxd4 Be7 11. Kb1 Qc7 12. g4 h5 13. gxh5 Nxh5 14. Bxe7 Kxe7 15. e5 dxe5 16. Qb4+ Ke8 17. Ne4 Bc6 18. Nd6+ Kf8 19. Nf5+ Kg8 20. Ne7+ Kh7 21. Bd3+ g6 22. Nxc6 bxc6 23. Qc5 Nf6 24. Rhe1 Kg7 25. Qxe5 Qb6 26. Bxg6 Qb5 27. Qc3 Rh6 28. Bd3 Qb6 29. Qe5 Rb8 30. b3 Kh8 31. Qf4 Ng8 32. Qg4 1-0

[Event "EU-chT (Women) 24th"]
[Site "Budva"]
[Date "2023.11.18"]
[Round "7.4"]
[White "Sliwicka, Alicja"]
[Black "Klek, Hanna Marie"]
[Result "1-0"]
[WhiteElo "2296"]
[BlackElo "2282"]
[PlyCount "99"]
[EventDate "2023.11.11"]
[EventType "team-swiss"]
[EventRounds "9"]
[EventCountry "MNE"]
[SourceTitle "CB47_2023"]
[SourceDate "2023.11.22"]
[SourceVersion "1"]
[SourceVersionDate "2023.11.22"]
[SourceQuality "1"]
[WhiteTeam "Poland (W)"]
[BlackTeam "Germany (W)"]
[WhiteTeamCountry "POL"]
[BlackTeamCountry "GER"]

1. e4 e5 2. Nf3 Nc6 3. Bb5 a6 4. Ba4 Nf6 5. 0-0 Be7 6. d3 b5 7. Bb3 d6 8. Bd2 a5 9. a4 b4 10. h3 0-0 11. Re1 Be6 12. c3 bxc3 13. bxc3 Rb8 14. Bxe6 fxe6 15. Na3 d5 16. Nb5 Bc5 17. Qe2 Kh8 18. Be3 Bxe3 19. Qxe3 Nd7 20. Ng5 d4 21. cxd4 Nxd4 22. Nxd4 exd4 23. Qd2 Qf6 24. Rab1 e5 25. Nf3 Qa6 26. Rxb8 Rxb8 27. Qa2 h6 28. Qd5 Qd6 29. Qxa5 Nc5 30. Rd1 Rb3 31. Qa8+ Kh7 32. Ne1 Ra3 33. a5 Na4 34. Rb1 Nb6 35. Qa7 Qc5 36. a6 Nd7 37. Qb7 Ra2 38. Qc8 Qd6 39. Nf3 Rxa6 40. Nh4 Rc6 41. Ra1 Nb6 42. Qf5+ Kg8 43. Ra5 Rc1+ 44. Kh2 c5 45. Rb5 c4 46. Ng6 Qf6 47. Rxb6 Qxf5 48. exf5 cxd3 49. Rb8+ Kf7 50. Rf8# 1-0

[Event "EU-chT (Women) 24th"]
[Site "Budva"]
[Date "2023.11.17"]
[Round "6.4"]
[White "Sliwicka, Alicja"]
[Black "Manko, Mariya"]
[Result "1-0"]
[WhiteElo "2296"]
[BlackElo "2105"]
[PlyCount "59"]
[EventDate "2023.11.11"]
[EventType "team-swiss"]
[EventRounds "9"]
[EventCountry "MNE"]
[SourceTitle "CB47_2023"]
[SourceDate "2023.11.22"]
[SourceVersion "1"]
[SourceVersionDate "2023.11.22"]
[SourceQuality "1"]
[WhiteTeam "Poland (W)"]
[BlackTeam "Switzerland (W)"]
[WhiteTeamCountry "POL"]
[BlackTeamCountry "SUI"]

1. e4 c5 2. Nf3 Nc6 3. d4 cxd4 4. Nxd4 Nf6 5. Nc3 e5 6. Nde2 Bc5 7. Ng3 0-0 8. Bd3 Nb4 9. Be2 a6 10. 0-0 d6 11. Kh1 Be6 12. f4 h6 13. f5 Bc8 14. a3 Nc6 15. Nh5 Nd4 16. Nxf6+ Qxf6 17. Nd5 Qh4 18. Bg4 h5 19. Bf3 Nxf3 20. Rxf3 g6 21. Bh6 Bd7 22. Rh3 Qd8 23. Bxf8 Kxf8 24. Qd2 Kg7 25. f6+ Kh7 26. Rxh5+ gxh5 27. Qg5 Qf8 28. Qxh5+ Qh6 29. Qxf7+ Kh8 30. Ne7 1-0

[Event "BL 2324 (Women)"]
[Site "Germany"]
[Date "2023.10.14"]
[Round "1.2"]
[White "Sliwicka, Alicja"]
[Black "Arabidze, Meri"]
[Result "1/2-1/2"]
[WhiteElo "2290"]
[BlackElo "2456"]
[PlyCount "82"]
[EventDate "2023.10.14"]
[EventType "team-tourn"]
[EventRounds "11"]
[EventCountry "GER"]
[SourceTitle "CB48_2023"]
[SourceDate "2023.11.29"]
[SourceVersion "1"]
[SourceVersionDate "2023.11.29"]
[SourceQuality "1"]
[WhiteTeam "Rodewisch (W)"]
[BlackTeam "Schwaebisch Hall (W)"]
[WhiteTeamCountry "GER"]
[BlackTeamCountry "GER"]

1. e4 c5 2. Nf3 e6 3. d4 cxd4 4. Nxd4 Nc6 5. Nc3 Qc7 6. Be3 a6 7. a3 b5 8. Nxc6 Qxc6 9. Bd3 Bb7 10. Qd2 Rc8 11. f3 Qc7 12. 0-0 Nf6 13. Rae1 Be7 14. Qf2 d5 15. Bb6 Qxb6 16. Qxb6 Bc5+ 17. Qxc5 Rxc5 18. e5 Nd7 19. f4 Ke7 20. Ne2 g5 21. Nd4 gxf4 22. Rxf4 Rcc8 23. Kf2 Rcg8 24. Nf3 Rg7 25. Rh4 Nc5 26. Rd4 h6 27. g3 Rf8 28. Rh4 f6 29. Ke2 Nd7 30. Kd1 fxe5 31. Nxe5 Nxe5 32. Rxe5 Rg5 33. Rxg5 hxg5 34. Rh5 Kf6 35. Rh6+ Ke5 36. Rg6 Rf2 37. Rxg5+ Kd4 38. Rg4+ Ke3 39. Rg5 Kd4 40. Rg4+ Ke3 41. Rg5 Kd4 1/2-1/2

[Event "Eindhoven Dutch (Women) Top 10 op"]
[Site "Eindhoven"]
[Date "2023.08.13"]
[Round "4"]
[White "Sliwicka, Alicja"]
[Black "Garcia Martin, Marta"]
[Result "1/2-1/2"]
[WhiteElo "2298"]
[BlackElo "2321"]
[PlyCount "57"]
[EventDate "2023.08.10"]
[EventType "tourn"]
[EventRounds "9"]
[EventCountry "NED"]
[EventCategory "3"]
[SourceTitle "CBM 215 Extra"]
[Source "ChessBase"]
[SourceDate "2023.09.30"]
[SourceVersion "1"]
[SourceVersionDate "2023.09.30"]
[SourceQuality "1"]

1. e4 e5 2. Nf3 Nc6 3. Nc3 Nf6 4. d4 exd4 5. Nxd4 Bb4 6. Nxc6 bxc6 7. Bd3 d5 8. exd5 0-0 9. 0-0 Bg4 10. f3 Bh5 11. Bg5 Qd6 12. Qe1 Nxd5 13. Qh4 Bg6 14. Ne4 Qe5 15. c3 Be7 16. Bxe7 Nxe7 17. Rae1 Nf5 18. Qf2 Qa5 19. b4 Qb6 20. Nc5 a5 21. a3 Nd6 22. Bxg6 hxg6 23. f4 axb4 24. axb4 Qb5 25. Re3 Nf5 26. Re4 Nd6 27. Re3 Nf5 28. Re4 Nd6 29. Re3 1/2-1/2

[Event "Eindhoven Dutch (Women) Top 10 op"]
[Site "Eindhoven"]
[Date "2023.08.12"]
[Round "3"]
[White "Papp, Petra"]
[Black "Sliwicka, Alicja"]
[Result "0-1"]
[WhiteElo "2335"]
[BlackElo "2298"]
[PlyCount "74"]
[EventDate "2023.08.10"]
[EventType "tourn"]
[EventRounds "9"]
[EventCountry "NED"]
[EventCategory "3"]
[SourceTitle "CBM 215 Extra"]
[Source "ChessBase"]
[SourceDate "2023.09.30"]
[SourceVersion "1"]
[SourceVersionDate "2023.09.30"]
[SourceQuality "1"]

1. e4 c5 2. Nf3 Nc6 3. Bb5 a6 4. Bxc6 dxc6 5. d3 Qc7 6. h3 e5 7. 0-0 Nf6 8. a4 a5 9. Na3 h6 10. Nc4 Bd6 11. Bd2 Be6 12. b3 Nd7 13. Bc3 Bxc4 14. bxc4 Nf8 15. Nh4 Ne6 16. Nf5 Bf8 17. Rb1 Nd4 18. Bd2 Ne6 19. Qc1 h5 20. Ng3 Be7 21. Qd1 g6 22. Ne2 Bd6 23. Qc1 Nd4 24. Nxd4 cxd4 25. f4 exf4 26. Bxf4 0-0-0 27. e5 Bb4 28. e6 Qe7 29. exf7 Rdf8 30. Bg5 Qd7 31. Qf4 Rh7 32. Qe5 Bd6 33. Qxa5 Rhxf7 34. Rfe1 Bb8 35. Re4 Qd6 36. Bf4 Rxf4 37. Rxf4 Qxf4 0-1

[Event "Eindhoven Dutch (Women) Top 10 op"]
[Site "Eindhoven"]
[Date "2023.08.11"]
[Round "2"]
[White "Sliwicka, Alicja"]
[Black "Heinemann, Josefine"]
[Result "0-1"]
[WhiteElo "2298"]
[BlackElo "2278"]
[PlyCount "106"]
[EventDate "2023.08.10"]
[EventType "tourn"]
[EventRounds "9"]
[EventCountry "NED"]
[EventCategory "3"]
[SourceTitle "CBM 215 Extra"]
[Source "ChessBase"]
[SourceDate "2023.09.30"]
[SourceVersion "1"]
[SourceVersionDate "2023.09.30"]
[SourceQuality "1"]

1. e4 c5 2. Nf3 d6 3. d4 cxd4 4. Nxd4 Nf6 5. Nc3 a6 6. Bd3 e5 7. Nde2 Be7 8. 0-0 Be6 9. f4 exf4 10. Nxf4 Nc6 11. Be3 Ne5 12. Kh1 0-0 13. a4 Rc8 14. a5 Nfd7 15. Nfd5 Bg5 16. Bg1 Nc6 17. Nb6 Nxb6 18. Bxb6 Qd7 19. Nd5 Ne5 20. Bd4 Bxd5 21. exd5 g6 22. b3 f5 23. c4 Rfe8 24. Ra2 Qg7 25. b4 Qd7 26. Qb3 Qf7 27. Re2 Bf6 28. Bxe5 Rxe5 29. c5 dxc5 30. b5 axb5 31. Qxb5 Kg7 32. Rxe5 Bxe5 33. Bc4 Qc7 34. Re1 Rd8 35. Re2 h5 36. Qb1 Rd7 37. Qe1 Re7 38. g3 Qd6 39. Kg2 Kf6 40. Qc1 Bd4 41. Ra2 Kg7 42. a6 bxa6 43. Rxa6 Qe5 44. Qf4 Qe1 45. Qd6 Qe4+ 46. Kh3 Qg4+ 47. Kg2 Rb7 48. Rb6 Qe4+ 49. Kh3 Rxb6 50. Qxb6 g5 51. Bb5 Bf6 52. Qc7+ Kh6 53. Qf7 g4# 0-1

[Event "Brasov GP RO"]
[Site "Brasov"]
[Date "2023.07.22"]
[Round "9"]
[White "Botea, David Alexandru"]
[Black "Sliwicka, Alicja"]
[Result "0-1"]
[WhiteElo "1934"]
[BlackElo "2319"]
[PlyCount "58"]
[EventDate "2023.07.16"]
[EventType "swiss"]
[EventRounds "9"]
[EventCountry "ROU"]
[SourceTitle "CBM 215 Extra"]
[Source "ChessBase"]
[SourceDate "2023.09.30"]
[SourceVersion "1"]
[SourceVersionDate "2023.09.30"]
[SourceQuality "1"]

1. e4 e5 2. Nf3 Nc6 3. Bc4 Nf6 4. d3 h6 5. 0-0 d6 6. c3 g5 7. Re1 g4 8. Nfd2 h5 9. Nf1 h4 10. Ne3 Bh6 11. b4 Ne7 12. f3 g3 13. h3 c6 14. d4 Qc7 15. dxe5 dxe5 16. Bb3 Nh5 17. Nd2 Bxe3+ 18. Rxe3 Nf4 19. Nc4 Bxh3 20. Nd6+ Kf8 21. Nxf7 Bxg2 22. Re1 Qb6+ 23. Qd4 exd4 24. Bxf4 Rh5 25. Kxg2 Ng6 26. Bd6+ Kg7 27. f4 d3 28. Bc5 Rxc5 29. bxc5 Qxc5 0-1

[Event "Brasov GP RO"]
[Site "Brasov"]
[Date "2023.07.21"]
[Round "8"]
[White "Sliwicka, Alicja"]
[Black "Obada, Ema"]
[Result "1/2-1/2"]
[WhiteElo "2319"]
[BlackElo "2042"]
[PlyCount "79"]
[EventDate "2023.07.16"]
[EventType "swiss"]
[EventRounds "9"]
[EventCountry "ROU"]
[SourceTitle "CBM 215 Extra"]
[Source "ChessBase"]
[SourceDate "2023.09.30"]
[SourceVersion "1"]
[SourceVersionDate "2023.09.30"]
[SourceQuality "1"]

1. e4 c6 2. d4 d5 3. e5 c5 4. Nf3 cxd4 5. Nxd4 e6 6. Bd3 Nc6 7. Nxc6 bxc6 8. 0-0 Ne7 9. Nd2 Nf5 10. Nf3 Bc5 11. c3 a5 12. Qa4 Bd7 13. Re1 Qb6 14. Re2 Qa7 15. b3 h5 16. Qf4 Be7 17. Bd2 c5 18. Rae1 g6 19. c4 d4 20. Ng5 Bc6 21. f3 Qb6 22. Rb1 h4 23. Nh3 Rh5 24. a3 Bf8 25. Qg4 Ra7 26. Bg5 Be7 27. Bxf5 exf5 28. Qf4 Bd7 29. Bxe7 Kxe7 30. Qd2 Be6 31. Nf4 Rh8 32. Nd3 Bxc4 33. Rc1 Bxd3 34. Qxd3 Rc8 35. Qd2 Kf8 36. Qh6+ Kg8 37. Qxh4 Qxb3 38. Rxc5 Rxc5 39. Qd8+ Kh7 40. Qh4+ 1/2-1/2

[Event "Brasov GP RO"]
[Site "Brasov"]
[Date "2023.07.17"]
[Round "2"]
[White "Sliwicka, Alicja"]
[Black "Stan, Luciana Gabriela"]
[Result "1-0"]
[WhiteElo "2319"]
[BlackElo "1875"]
[PlyCount "79"]
[EventDate "2023.07.16"]
[EventType "swiss"]
[EventRounds "9"]
[EventCountry "ROU"]
[SourceTitle "CBM 215 Extra"]
[Source "ChessBase"]
[SourceDate "2023.09.30"]
[SourceVersion "1"]
[SourceVersionDate "2023.09.30"]
[SourceQuality "1"]

1. e4 c5 2. Nf3 d6 3. d4 cxd4 4. Nxd4 Nf6 5. Nc3 a6 6. h3 b5 7. a4 b4 8. Nd5 e6 9. Nxf6+ Qxf6 10. Qd2 Nd7 11. a5 Bb7 12. Qxb4 Bxe4 13. Qa4 Bb7 14. Be3 d5 15. Be2 e5 16. Bg4 Qd6 17. Nf5 Qc6 18. Qxc6 Bxc6 19. f4 g6 20. Ng3 Bd6 21. Bxd7+ Kxd7 22. 0-0 Bb5 23. Rf3 d4 24. fxe5 Bxe5 25. Bf2 f5 26. Rd1 d3 27. b3 Rhe8 28. c4 Bc6 29. Rfxd3+ Kc7 30. Nf1 f4 31. Nd2 Bf6 32. b4 Re2 33. Nb3 Rae8 34. Nc5 Rc2 35. Nxa6+ Kb7 36. Nc5+ Kc7 37. b5 Ree2 38. Rd6 Bxg2 39. b6+ Kc8 40. Rxf6 1-0

[Event "POL Superleague Rapid"]
[Site "Poland"]
[Date "2023.05.09"]
[Round "4.4"]
[White "Sliwicka, Alicja"]
[Black "Kiolbasa, Oliwia"]
[Result "0-1"]
[WhiteElo "2311"]
[BlackElo "2422"]
[PlyCount "90"]
[EventDate "2023.04.04"]
[EventType "team-tourn (rapid)"]
[EventRounds "14"]
[EventCountry "POL"]
[SourceTitle "EXT 2024"]
[Source "ChessBase"]
[SourceDate "2023.10.10"]
[SourceVersion "1"]
[SourceVersionDate "2023.10.10"]
[SourceQuality "1"]
[WhiteTeam "Krakow Dwie Wieze"]
[BlackTeam "Gliwice Akademia Szachowa"]
[WhiteTeamCountry "POL"]
[BlackTeamCountry "POL"]

1. e4 e5 2. Nf3 Nc6 3. Bb5 a6 4. Ba4 Nf6 5. Nc3 b5 6. Bb3 Bd6 7. d3 h6 8. a3 Bb7 9. 0-0 0-0 10. Be3 Rb8 11. Ne2 Re8 12. Ng3 Bf8 13. c3 d5 14. Qe2 Na5 15. Ba2 c5 16. Rad1 Qc7 17. Nh4 dxe4 18. Nxe4 Nxe4 19. dxe4 c4 20. Bb1 Nb3 21. Nf5 Kh7 22. Kh1 Nc5 23. f3 Rbd8 24. Qf2 Qc6 25. Qh4 Nd3 26. Bxd3 cxd3 27. Rd2 Bc8 28. Rfd1 Bxf5 29. exf5 e4 30. fxe4 Rd7 31. Bd4 Rxe4 32. Qf2 Rd8 33. Rxd3 Rde8 34. Re3 Rxe3 35. Bxe3 Qe4 36. Bd4 Qg4 37. Rd2 Bd6 38. h3 Qg5 39. Be3 Rxe3 40. Rxd6 Re5 41. f6 Rf5 42. Qc2 g6 43. Kg1 Qe3+ 44. Kh1 Rf1+ 45. Kh2 Qe5+ 0-1